Lady Gaga - Paroles Bad Romance - Statistiques

Statistiques générales
  • Ce quiz a été pris 136 fois
  • Le résultat moyen est 396 sur 500
Statistiques - réponses
Hint Réponse % Correct
Roma,
98%
roma
98%
bad
97%
bad,
97%
romance
97%
romance,
97%
romance)
97%
Bridge | Chorus | Couplet 1 | Couplet 2 I
96%
(I
96%
a
95%
ah
95%
Pré-chorus You
95%
you
95%
Intro Oh,
94%
Oh,
94%
(Oh)
94%
ooh,
94%
Love,
91%
love
91%
love
91%
Love,
91%
love,
91%
(Love,
91%
love)
91%
Want
89%
want
89%
Gaga,
87%
your
87%
And
82%
and
82%
and
82%
la,
81%
la
81%
in
78%
me
78%
Refrain Ra,
77%
Refrain Ra,
77%
Refrain Ra,
77%
ra,
77%
free
75%
revenge
75%
be
71%
don't
67%
wanna
66%
amour
65%
amour,
65%
caught
64%
(Caught
64%
Caught
64%
could
64%
Je
64%
je
64%
ma
64%
that
64%
ton
64%
veux
64%
baby,
63%
baby)
63%
baby
63%
know
63%
friends
62%
it
62%
it,
62%
ta
62%
need
61%
revanche
61%
et
59%
as
57%
long
56%
disease
53%
everything
53%
write
53%
fashion,
51%
ugly,
51%
all
49%
psycho,
48%
it's
47%
the
47%
I'm
46%
bitch,
45%
bitch
45%
Interlude Walk,
45%
walk,
45%
Walk,
45%
crazy
44%
touch
41%
you're
41%
criminal
40%
'Cause
39%
('Cause
39%
drama,
38%
mine
38%
Work
38%
of
37%
lover's
36%
kiss
35%
hand
34%
move
33%
my
33%
sick
32%
vertigo
31%
design
28%
No,
28%
horror,
27%
sand
27%
(Hey)
26%
leather
23%
window,
20%
rear
18%
schtick
16%
studded
15%
ayy
1%
Aucun quiz correspondant
Distribution des résultats
% des personnes avec chaque résultat
Percentile par nombre de réponses
Votre historique - résultats
Vous n’avez pas pris ce quiz